000 00554nam a22001817a 4500
005 20251108172653.0
008 250721s2002 xx 000 0 ara d
082 1 4 _a211/كف
100 1 _aابو كف، عطا الله
245 1 0 _aالثقافة الإسلامية /
264 1 _aعمان :
_bجامعة القدس المفتوحة،
_c2002.
300 _a435ص.
650 1 7 _aالثقافة الإسلامية
700 1 _aالساكت، مأمون
710 2 _aجامعة القدس المفتوحة
942 _2ddc
_cBK
999 _c85499
_d85499